Ilmul-Ikhlaq. (Record no. 507)

MARC details
000 -LEADER
fixed length control field 00539nam a2200229 a 4500
020 ## - INTERNATIONAL STANDARD BOOK NUMBER
ISBN
082 00 - DEWEY DECIMAL CLASSIFICATION NUMBER
Classification number 170
Author Cutter STE
100 ## - MAIN ENTRY--AUTHOR NAME
Author name Stephen, Leslie
245 ## - TITLE STATEMENT
Title Ilmul-Ikhlaq.
260 ## - PUBLICATION, DISTRIBUTION, ETC. (IMPRINT)
Place of publication Hyderabad
Name of publisher Darut Taba Jamia Osmania sarkar aali
Year of publication 1935
300 ## - PHYSICAL DESCRIPTION
Number of Pages 554p
500 ## - GENERAL NOTE
General note includes index and biblioraphy
505 2# - FORMATTED CONTENTS NOTE
Formatted contents note reference
650 ## - SUBJECT ADDED ENTRY--TOPICAL TERM
Topical Term Ethics
942 ## - ADDED ENTRY ELEMENTS (KOHA)
Koha item type Books
Holdings
Home library Current library Date acquired Cost, normal purchase price Full call number Accession Number Koha item type
Henry Martyn Institute Library Henry Martyn Institute Library   100.00 170 STE 4087 Archive Book
Henry Martyn Institute Library Henry Martyn Institute Library   100.00 170 STE 5888 Archive Book
                   Copyright © 2026 | Henry Martyn Institute | Hyderabad | TS-500052 | INDIA | Implemented by hmi.edu.in
Hit-Count:

Powered by Koha